Quizzes
Events
Quiz Creation
Community
Videos
Private Events
Remove Ads
Sign In
Join for FREE
Feedback
Dark Mode
Quiz Categories
Sports
Geography
Music
Movies
Television
Just For Fun
Miscellaneous
History
Literature
Language
Science
Gaming
Entertainment
Religion
Holiday
For Kids
Quiz Lab
Recent
Popular Today
Quiz Kudos Today
Editor Picks
Curator Picks
Quizzes by...
Day
Popularity
Type
Ratings
Length
Year
Community
Subscriptions
Recent Discussions
Orange Saloon
Badges
Playlists
Quests
Create
Leaderboards
Showdown
Live 5
Trivia Bingo
Activity
Puzzle Library
Sporcle Events
Private Events
Virtual Trivia
Globe League
Become a Host
Pub Owners
SporcleCon
Opinionation
Our Games
Videos
Blog
Mobile Apps
Partnerships
Remove Ads and Go Orange
Feedback
Movies
Disney
Marvel Cinematic Universe
Movie Resume
Movie Titles
Oscar
Actor
Actress
Director
Pixar
Role
Movie Quotes
Movie Characters
Box Office
Nominee
Best Picture
Star Wars
James Bond
Horror Movies
Movies
Disney
Marvel Cinematic Universe
Movie Resume
Movie Titles
Oscar
Actor
Actress
Director
Pixar
Role
Movie Quotes
Movie Characters
Box Office
Nominee
Best Picture
Star Wars
James Bond
Horror Movies
Random Quiz
Search Sporcle
×
Curator Pick
Curator Pick
Movies
Follow That Line
Select answers by clicking on text or image buttons
Select answers by clicking on text or image buttons
Clickable
Best Score? Go Orange.
Follow That Line: Napoleon Dynamite Stats
Can you pick the following quotes from 'Napoleon Dynamite'?
By
Spacemaniac
5m
25 Questions
6,003 Plays
6,003 Plays
6,003 Plays
Comments
Comments
Give Quiz Kudos
Give Quiz Kudos
-
- Ratings
hide this ad
Forced Order
Answers have to be entered in order
Answers have to be entered in order
Replay
Link that replays current quiz
Next Quiz
Link to next quiz in quiz playlist
You Got
0%
They Got
Avg Score
82%
Avg Friend Score
Upgrade to see
Score Distribution
Jump to the score distribution portion of the page
Score
0/25
Timer
05:00
0
Plays Today
% Correct
I told you! I spent it with my uncle in Alaska hunting wolverines!
93.4%
A couple of days.
93%
Whatever I feel like I wanna do. Gosh!
92.9%
Yeah, right, I'm not voting for her.
92.3%
A liger.
91.3%
My woman I'm taking to the dance.
90.6%
Thank you, I made them myself.
90%
C'mon, I'll pay you back.
89.9%
The worst day of my life, what do you think?
89.4%
Knock it off, Napoleon! Just make yourself a dang quesa-dilluh!
88.5%
Your mom goes to college.
87.2%
Napoleon Dynamite.
87.2%
It works, Napoleon. You don't even know.
86.4%
% Correct
It's a sledgehammer.
85.2%
I wish you'd get out of my life and shut up!
83.7%
Heck yes I did!
83.1%
Because for a limited time only. Glamour Shots by Deb are 75% off.
82.7%
You already are.
81%
I don't feel very good.
78.5%
I don't understand a word you just said.
78.3%
She didn't tell me anything.
77.8%
Never mind.
72%
Yessssssssss.
68.8%
This is pretty much the worst video ever made.
58.7%
Well, hey, Napoleon… Napoleon's m'nephew.
45.4%
Quiz Playlist
Details
Report
Send in Message
Add To Playlist
Clickable:
Select answers by clicking on text or image buttons
Forced Order:
Answers have to be entered in order
Quiz Source
Last Updated: Jul 14, 2017
Curator Pick in
Follow That Line
Quiz Scoreboard
CHALLENGE
Sign Up to Join the Scoreboard
Show All
Scores
Hide
Comments
May contain spoilers
Recently Published
9x9 Crossword: Cartoon Network
by jackfrog10
Miscellaneous
3m
College Basketball Coaching Resumes
by pancakes188
Sports
9m
Billboard Blitz: Fleetwood Mac
by CooCooCachoo
Music
15s
More to Explore
Quiz From the Vault
Featured Blog Post
Where Did the Easter Bunny Come From?
hide this ad
You Might Also Like...
Tags
Clickable Quiz
Follow That Line Quiz
Quote Quiz
Dynamite
Follow
napoleon
Napoleon Dynamite
Today's Top Quizzes in Movies
Browse Movies
hide this ad
Today's Top Quizzes in Follow That Line
Browse Follow That Line
Top Contributed Quizzes in Movies
1
Pick 5 Posters: Directed by Spielberg
2
7-to-1: Pixar Characters
3
Pick 5 Posters: Lowest-Rated Spielberg
4
Sorting Actors
5
Sorting Actresses
6
Pick 5 Posters: Directed by Scorsese
7
Hidden Star Wars Character II
8
Pick 5 Posters: Star & Director
9
Hidden Star Wars Character III
10
12 Movies about Fictional 1960s Events
Explore More
Trending Topics
Anime
NBA
Harry Potter
Kpop
Disney
Crossword
Marvel
The Office
Song
WWE
NFL
Pokémon
Country
Soccer
Puzzle
hide this ad
More By:
Spacemaniac
Quiz
Plays
Rating
Category
Featured
Created
Poker Hands: Best to Worst
428,229
4.23
Gaming
May 21, 2013
Progressively Harder US States by Outline
248,331
4.03
Geography
Jul 1, 2013
Most Populous Cities Per State by Any 3 Letters
152,644
4.76
Geography
Jan 26, 2013
Follow That Line: Titanic
139,431
4.34
Movies
Dec 7, 2012
Africa by Any 3 Letters
138,194
4.53
Geography
Mar 17, 2013
Go to Creator's Profile
Score Distribution
Quiz Creator Spotlight
Spacemaniac
Follow
Send a Message
Quizzes Created
-
Created Quiz Play Count
-
More By This Creator
Popular Quizzes Today
1
Find the US States - No Outlines Minefield
2
Find the Countries of Europe - No Outlines Minefield
3
The Countries of the World
4
Find the US States
5
Risky Map Clicking: Biggest States A-Z
6
US States
7
Popular People in 1961
8
Movies - When Are They Set?
More Movies Quizzes
Missing Word: Top Grossing Movies (2021)
Quiz Lab
Trending Quizzes
Risky Map Clicking: Least Populous States A-Z
1-10 Letter G Words
1-10 Letter F Words
Risky Map Clicking: Next State Alphabetically
Adjectives in 80s TV Shows
Recently Updated
Leaping Animals
pecheneg
Reality TV Shows (A-Z)
bhenderson79
Rickey Henderson's Hall of Fame Teammates
pecheneg
Champions League XIs: Arsenal
pecheneg
Quick Pick: Celebrities in WWE's Hall of Fame
aduchscher
A-Z Keypad Blitz II
pecheneg
Multiple Oscar Actors
pecheneg
Mystery Phrase Blitz: Oscar 'Best Actors'
pecheneg
F. Scott Fitzgerald Novels
LTH
Pick 3 Villains
ddd62291
Trending Topics
Disney
Kpop
NBA
Marvel
Harry Potter
Anime
Crossword
WWE
Song
The Office
Pokémon
NFL
Soccer
Country
Puzzle
Your Account Isn't Verified!
In order to create a playlist on Sporcle, you need to verify the email address you used during registration. Go to your
Sporcle Settings
to finish the process.
Report this User
Report this user for behavior that violates our
Community Guidelines
.
Details:
Send Report
Go to the Sporcle.com Mobile Site →
Comments